| 000 | 00450pab a2200157 454500 | ||
|---|---|---|---|
| 008 | 180718b2009 xxu||||| |||| 00| 0 eng d | ||
| 100 | _aAlok, V.N. | ||
| 245 | _aShare of local governments in the union divisible pool: An option before the 13th Finance Commission | ||
| 260 | _c2009 | ||
| 300 | _ap.71-95. | ||
| 362 | _aJan-Mar | ||
| 650 | _aLocal government | ||
| 773 | _aIndian Journal of Public Administration | ||
| 908 | _aN | ||
| 909 | _a82317 | ||
| 999 |
_c82317 _d82317 |
||